000 00659nam a2200181Ia 4500
008 090630s9999 xx 000 0 und d
082 _b24598
100 _aघाणेकर मधुसुदन.
245 _aफेंगशुई सुत्रे.
_cघाणेकर मधुसुदन.
260 _bमहाजन ब्रदर्स - पुणे.
300 _a0
600 _aघाणेकर मधुसुदन.
630 _aफेंगशुई सुत्रे.
655 _aइतर.
700 _aघाणेकर मधुसुदन.
730 _aफेंगशुई सुत्रे.
942 _cBOOK
999 _c276454
_d276454